| 000 | 01151cam a2200313 a 4500 | ||
|---|---|---|---|
| 001 | 12977000 | ||
| 005 | 20160726145051.0 | ||
| 008 | 021022s2002 enk | b 001 0 eng d | ||
| 010 | _a 2002726649 | ||
| 015 | _aGBA2-Y5580 | ||
| 020 | _a019924538X | ||
| 035 | _a(OCoLC)ocm49204038 | ||
| 040 |
_aUk _cUk _dLNL-L _dDLC |
||
| 042 | _alccopycat | ||
| 050 | 0 | 0 |
_aKZ4041 _b.S738 2002 |
| 082 | 0 | 0 |
_a341.26 _222 _bSTA |
| 245 | 0 | 0 |
_aState, Sovereignty, and International Governance / _cEdited by Gerard Kreijen ... [et al.]. |
| 260 |
_aOxford : _bOxford University Press, _cc2002. |
||
| 300 |
_axiv, 643 p. ; _c25 cm. |
||
| 504 | _aIncludes bibliographical references and index. | ||
| 541 | _aBacca ; | ||
| 650 | 0 |
_aSovereignty. _915806 |
|
| 650 | 0 |
_915807 _aInternational cooperation |
|
| 700 | 1 |
_aKreijen, Gerard. _eEditor _915808 |
|
| 856 | 4 | 2 |
_3Publisher description _uhttp://www.loc.gov/catdir/enhancements/fy0614/2002726649-d.html |
| 856 | 4 | 1 |
_3Table of contents only _uhttp://www.loc.gov/catdir/enhancements/fy0614/2002726649-t.html |
| 942 |
_2ddc _cBB |
||
| 999 |
_c14360 _d14360 |
||